000 004540000a22001810004500
003 MACL
005 20160119160515.0
008 160119b xxu||||| |||| 00| 0 eng d
040 _aMACL
_cMACL
041 _aEnglish
082 _a005.13/SCH
100 _aSchilling, Jess
_933312
245 _aLearn Lotus 1 -2-3
260 _bBPB Publications
_c1996
_aNew Delhi
350 _a54
650 _aComputer probraming
_933182
942 _cBK
_k005.13/Sch
_2ddc
999 _c33593
_d33593